| 000 | 00816nam a2200253Ia 4500 | ||
|---|---|---|---|
| 003 | OSt | ||
| 005 | 20220926032232.0 | ||
| 006 | a|||||r|||| 00| 0 | ||
| 007 | ta | ||
| 008 | 220923b |||||||| |||| 00| 0 eng d | ||
| 020 |
_a9780754675242 _c3298.8499999999999 |
||
| 037 |
_bBBS/81, 03/12/2009, Better Book Service _cGeneral Book |
||
| 040 |
_aRTL _cRTL _beng |
||
| 041 |
_2eng _aeng |
||
| 082 | _aV49:19.46.P, P9 | ||
| 100 |
_aHalabi Yakub _9337068 |
||
| 245 | 0 |
_aUS Foreign policy in the Middle East _b From crises to change |
|
| 260 |
_aSurrey _bAshgate _c2009 |
||
| 300 |
_aix, 159p _ccm. |
||
| 500 | _aBibliography: P 139-54 | ||
| 650 | _aGeography | ||
| 942 |
_hV49:19.46.P, P9 _cGB _2CC |
||
| 999 |
_c654163 _d654163 |
||